Zonas indígenas versus áreas protegidas: el caso de la reserva de la biosfera del río Plátano en Honduras /
La Biosfera del Río Plátano, en Honduras, declarada como patrimonio mundial por la UNESCO, involucra poblaciones de tres etnias amenazadas con la culturización por agricultores o ganaderos inmigrantes. La tenencia de la tierra representa un conflicto legal de difícil solución, pues a la tradicional...
Guardado en:
| Hovedforfatter: | |
|---|---|
| Format: | Texto |
| Fag: | |
| Tags: |
Tilføj Tag
Ingen Tags, Vær først til at tagge denne postø!
|
MARC
| LEADER | 00000 a a2200000 04500 | ||
|---|---|---|---|
| 001 | 9528 | ||
| 003 | |||
| 040 | |||
| 100 | |a Vallejo Larios, Mario | ||
| 245 | |a Zonas indígenas versus áreas protegidas: |b el caso de la reserva de la biosfera del río Plátano en Honduras / |c Mario Vallejo Larios | ||
| 520 | |a La Biosfera del Río Plátano, en Honduras, declarada como patrimonio mundial por la UNESCO, involucra poblaciones de tres etnias amenazadas con la culturización por agricultores o ganaderos inmigrantes. La tenencia de la tierra representa un conflicto legal de difícil solución, pues a la tradicional disputa entre campesinos y terratenientes se agrega su doble condición de área protegida y centro importante de población indígena ambos valores protegidos por el derecho internacional. La declaración de los valles de Sico y Paulaya, en las inmediaciones de la Biosfera, como zona de reforma agraria, agrava el problema. Varias opciones se perfilan para legalizar la tierra en la Biosfera: un catálogo con el cual la tierra adquiere inalienabilidad |a convenios de usufructo, que dan al usufructuario, derechos de "cuasi propietarios" |a y un Plan de Manejo Global , con el que se pretende lograr un adecuado manejo y la coexistencia armónica con las poblaciones indígenas. El documento analiza esta situación y enfoca en lo que la ley estipula y en las opciones posibles para la resolución de conflictos. REV//jmml | ||
| 650 | |a AMERINDIOS | ||
| 650 | |a CONSERVACION DE LA NATURALEZA | ||
| 650 | |a MEDIO AMBIENTE | ||
| 650 | |a DESARROLLO SUSTENTABLE | ||
| 650 | |a UNESCO | ||
| 650 | |a REFORMA AGRARIA | ||
| 650 | |a POBLACION | ||
| 773 | |g volumen 20, número 37; páginas 145-167 | ||
| 999 | |c 35433 |d 35433 | ||
